000 01028nam a2200301 a 4500
001 000007129
003 DO-SdBNP
005 20250909133857.0
007 ta
008 090717s2006 dr a 000 0 spa d
020 _a9993485039
040 _aDO-SdBNP
_bspa
_cBNPHU
082 4 _a923.27293
_bD812c, 2006
_222
100 1 _aCassá, Roberto,
_d1948-
_910888
245 1 0 _aJuan Pablo Duarte :
_bel padre de la patria /
_cRoberto Cassá ; ilustraciones, Ramiro Manzano.
250 _a2a ed.
260 _aSanto Domingo :
_bTobogán,
_c2006.
300 _a55 p. :
_bil. ;
_c21 cm.
490 1 _aBiografías Dominicanas Tobogán
504 _aBibliografía : p. 55
590 _aInventariado, 2018/ YL
600 1 0 _aDuarte, Juan Pablo,
_d1813-1876
_xCrítica e interpretación
_91494
651 0 _aRepública Dominicana --
_xHistoria --
_y1844-1930
_91009
700 1 _aManzano, Ramiro,
_eil.
_9768
830 0 _aBiografías dominicanas Tobogán
_9769
910 _aValidado. Control de calidad MMOLINA
942 _2ddc
_cLF2
999 _c6910
_d6910